[Event "Niteroi op 3rd"]
[Site "Niteroi"]
[Date "2023.09.07"]
[Round "5"]
[White "Morioka, Felipe Yukio"]
[Black "Leite, Lucas Bueno De Oliv"]
[Result "1-0"]
[WhiteElo "1656"]
[BlackElo "1147"]
[PlyCount "103"]
[EventDate "2023.09.04"]
[EventType "swiss"]
[EventRounds "9"]
[EventCountry "BRA"]
[SourceTitle "EXT 2024"]
[Source "ChessBase"]
[SourceDate "2023.10.10"]
[SourceVersion "1"]
[SourceVersionDate "2023.10.10"]
[SourceQuality "1"]

1. e4 c6 2. d4 d5 3. e5 c5 4. dxc5 e6 5. a3 Bxc5 6. Qg4 Ne7 7. Nf3 Ng6 8. Bd3 f5 9. Qg3 Nc6 10. h4 Nd4 11. Nxd4 Bxd4 12. f4 Rg8 13. Nd2 Qb6 14. Nb3 Bc5 15. Nxc5 Qxc5 16. Bd2 a5 17. h5 Ne7 18. Be3 d4 19. Bf2 Bd7 20. c3 Qb6 21. Rb1 Nc6 22. cxd4 Nxd4 23. Qe3 Bb5 24. Bxb5+ Qxb5 25. Qxd4 Rd8 26. Qe3 Qd3 27. Qxd3 Rxd3 28. Ke2 Rb3 29. Rh3 Rxh3 30. gxh3 Kf7 31. Rc1 Re8 32. Rc7+ Re7 33. Rxe7+ Kxe7 34. Bb6 a4 35. Kd3 Kd7 36. Kc4 Kc6 37. Be3 b6 38. Kb4 b5 39. Bf2 Kd5 40. Kxb5 Ke4 41. Kxa4 Kxf4 42. b4 Kxe5 43. b5 Kd6 44. Kb4 e5 45. Kc4 f4 46. Kd3 Kd5 47. b6 e4+ 48. Ke2 Kc6 49. Be3 g5 50. hxg6 hxg6 51. h4 Kd5 52. b7 1-0

[Event "Pindamonhangaba op 7th"]
[Site "Pindamonhangaba"]
[Date "2023.03.24"]
[Round "1"]
[White "Leite, Lucas Bueno de Oliv"]
[Black "Pironti, Francisco Ferrari"]
[Result "0-1"]
[WhiteElo "1131"]
[BlackElo "1954"]
[PlyCount "58"]
[EventDate "2023.03.24"]
[EventType "swiss"]
[EventRounds "5"]
[EventCountry "BRA"]
[SourceTitle "CBM 213 Extra"]
[Source "ChessBase"]
[SourceDate "2023.05.31"]
[SourceVersion "1"]
[SourceVersionDate "2023.05.31"]
[SourceQuality "1"]

1. e4 c5 2. Nf3 d6 3. Bc4 Nf6 4. d3 e6 5. c3 Be7 6. 0-0 0-0 7. Bb3 Nc6 8. Re1 b5 9. Nbd2 Bb7 10. Nf1 a5 11. a3 a4 12. Bc2 Nd7 13. Ng3 Nb6 14. Be3 d5 15. d4 Nc4 16. Qc1 Nxe3 17. Rxe3 cxd4 18. cxd4 Rc8 19. e5 Bg5 20. Nxg5 Qxg5 21. Rd3 Qxc1+ 22. Rxc1 Na5 23. Ne2 Nc4 24. b3 Nxa3 25. Bb1 Rxc1+ 26. Nxc1 Rc8 27. Na2 axb3 28. Rxb3 Ra8 29. h3 Kf8 0-1